<?xml version="1.0" encoding="UTF-8"?>
<record
    xmlns:xsi="http://www.w3.org/2001/XMLSchema-instance"
    xsi:schemaLocation="http://www.loc.gov/MARC21/slim http://www.loc.gov/standards/marcxml/schema/MARC21slim.xsd"
    xmlns="http://www.loc.gov/MARC21/slim">

  <leader>01853cam a2200349 a 4500</leader>
  <controlfield tag="001">5017458</controlfield>
  <controlfield tag="005">20220326193324.0</controlfield>
  <controlfield tag="008">041108s2004    it a          000 0 ita c</controlfield>
  <datafield tag="020" ind1=" " ind2=" ">
    <subfield code="a">8881584921</subfield>
  </datafield>
  <datafield tag="035" ind1=" " ind2=" ">
    <subfield code="a">(NNC)5017458</subfield>
  </datafield>
  <datafield tag="035" ind1=" " ind2=" ">
    <subfield code="a">(OCoLC)ocm56932712</subfield>
  </datafield>
  <datafield tag="040" ind1=" " ind2=" ">
    <subfield code="a">PUL</subfield>
    <subfield code="c">PUL</subfield>
    <subfield code="d">C3L</subfield>
    <subfield code="d">EYE</subfield>
    <subfield code="d">OKS</subfield>
    <subfield code="d">BAKER</subfield>
  </datafield>
  <datafield tag="041" ind1="0" ind2=" ">
    <subfield code="a">ita</subfield>
    <subfield code="a">eng</subfield>
  </datafield>
  <datafield tag="042" ind1=" " ind2=" ">
    <subfield code="a">pcc</subfield>
  </datafield>
  <datafield tag="043" ind1=" " ind2=" ">
    <subfield code="a">e-it---</subfield>
  </datafield>
  <datafield tag="045" ind1=" " ind2=" ">
    <subfield code="a">x4x-</subfield>
  </datafield>
  <datafield tag="082" ind1="0" ind2="4">
    <subfield code="a">708</subfield>
    <subfield code="b">D961j</subfield>
  </datafield>
  <datafield tag="100" ind1=" " ind2=" ">
    <subfield code="a">Boeri, Stefano.</subfield>
    <subfield code="9">2710</subfield>
  </datafield>
  <datafield tag="245" ind1="0" ind2="0">
    <subfield code="a">Jimmie Durham /</subfield>
    <subfield code="c">testi di / texts by Stefano Boeri ... [et al.].</subfield>
  </datafield>
  <datafield tag="260" ind1=" " ind2=" ">
    <subfield code="a">Milano :</subfield>
    <subfield code="b">Charta ;</subfield>
    <subfield code="a">Como :</subfield>
    <subfield code="b">Fondazione Antonio Ratti,</subfield>
    <subfield code="c">2004.</subfield>
  </datafield>
  <datafield tag="300" ind1=" " ind2=" ">
    <subfield code="a">158 p. :</subfield>
    <subfield code="b">ill. (some col.) ;</subfield>
    <subfield code="c">21 cm.</subfield>
  </datafield>
  <datafield tag="490" ind1="1" ind2=" ">
    <subfield code="a">Quaderni del Corso superiore di arte visiva =</subfield>
    <subfield code="a">Advanced course in visual arts publications ;</subfield>
    <subfield code="v">9</subfield>
  </datafield>
  <datafield tag="505" ind1=" " ind2=" ">
    <subfield code="t">Dieci anni </subfield>
    <subfield code="t">Ten Years </subfield>
    <subfield code="t">Insegnare arte, Fare arte </subfield>
    <subfield code="t">Teaching Art, Making Art </subfield>
    <subfield code="t">In seconda battuta </subfield>
    <subfield code="t">Second thoughts </subfield>
    <subfield code="t">Valore Durham </subfield>
    <subfield code="t">Flying Durham </subfield>
    <subfield code="t">Stones rejected by the Builder </subfield>
    <subfield code="t">Surely we will be confused </subfield>
    <subfield code="t">Surely we will be confused </subfield>
    <subfield code="t">Eyes  wide open </subfield>
    <subfield code="t">Eyes  wide open </subfield>
    <subfield code="t">Mostra di fine corso degli allievo en of course student exhibition </subfield>
    <subfield code="t">Coferenze/Lectures </subfield>
    <subfield code="t">Pietre scartate dal costruttore </subfield>
    <subfield code="t">stone rejected by builder </subfield>
    <subfield code="t">l`opera buona e giusta. Meccanismi di scissione e paradossi  dell`arte relazionale </subfield>
    <subfield code="t">The good and righteous work:  Mecanisms of splitting and paradoxes in relational Art </subfield>
    <subfield code="t">Spazi espositivi e condizione urbana </subfield>
    <subfield code="t">Exhibition Spaces and the urban condition </subfield>
  </datafield>
  <datafield tag="546" ind1=" " ind2=" ">
    <subfield code="a">Parallel text in Italian and English.</subfield>
  </datafield>
  <datafield tag="600" ind1="1" ind2="0">
    <subfield code="a">Durham, Jimmie.</subfield>
    <subfield code="9">2711</subfield>
  </datafield>
  <datafield tag="650" ind1=" " ind2="0">
    <subfield code="a">Art, Modern</subfield>
    <subfield code="y">21st century</subfield>
    <subfield code="v">Exhibitions.</subfield>
    <subfield code="9">442</subfield>
  </datafield>
  <datafield tag="650" ind1=" " ind2="0">
    <subfield code="a">Art</subfield>
    <subfield code="x">Study and teaching</subfield>
    <subfield code="z">Italy</subfield>
    <subfield code="z">Como.</subfield>
    <subfield code="9">2712</subfield>
  </datafield>
  <datafield tag="700" ind1="1" ind2=" ">
    <subfield code="a">Boeri, Stefano.</subfield>
    <subfield code="9">2713</subfield>
  </datafield>
  <datafield tag="830" ind1=" " ind2="0">
    <subfield code="a">Quaderni del Corso superiore di arte visiva ;</subfield>
    <subfield code="v">9.</subfield>
    <subfield code="9">2714</subfield>
  </datafield>
  <datafield tag="948" ind1="1" ind2=" ">
    <subfield code="a">20061117</subfield>
    <subfield code="b">c</subfield>
    <subfield code="c">rhg9</subfield>
    <subfield code="d">SCMC</subfield>
  </datafield>
  <datafield tag="999" ind1=" " ind2=" ">
    <subfield code="c">606</subfield>
    <subfield code="d">606</subfield>
  </datafield>
  <datafield tag="952" ind1=" " ind2=" ">
    <subfield code="0">0</subfield>
    <subfield code="1">0</subfield>
    <subfield code="2">ddc</subfield>
    <subfield code="4">0</subfield>
    <subfield code="7">0</subfield>
    <subfield code="a">LV</subfield>
    <subfield code="b">LV</subfield>
    <subfield code="c">Monograf&#xED;as</subfield>
    <subfield code="d">2015-05-20</subfield>
    <subfield code="l">0</subfield>
    <subfield code="o">708 D961j</subfield>
    <subfield code="p">000744</subfield>
    <subfield code="r">2015-05-20 00:00:00</subfield>
    <subfield code="w">2015-05-20</subfield>
    <subfield code="y">01</subfield>
  </datafield>
</record>
